000 00692cam a22002293a 4500
001 13641
003 PGUSA
005 20140828083307.0
008 041006s2004||||xxu|||||s|||||000 | eng d
040 _aPGUSA
_beng
042 _adc
050 4 _aBV
245 1 4 _aThe American Missionary — Volume 42, No. 10, October, 1888
_h[electronic resource] /
_cVarious
260 _bProject Gutenberg,
_c2004
506 _aPublic domain in the USA.
516 _aElectronic text
653 _aCongregational churches -- Missions -- Periodicals
653 _aHome missions -- Periodicals
830 0 _aProject Gutenberg
_v13641
856 4 0 _uhttp://www.gutenberg.org/ebooks/13641
942 _cEB
999 _c242896
_d242896